VRAI/FAUX sur les élections présidentielles américaines (6) - Statistiques

Statistiques générales
  • Ce quiz a été pris 5 fois
  • Le résultat moyen est 11 sur 30
Statistiques - réponses
Question Réponse % Correct
George W. Bush est élu en 1988 pour le parti républicain FAUX
60%
En 1996, la participation des électeurs américains est un record, 80 % FAUX
60%
C'est seulement la 2e fois en 2008 qu'un femme est choisie comme colistière, le seul précédent est en 2000 FAUX
60%
Un autre président avait abandonné la course à la Maison en cours de processus électoral en 1960. FAUX
60%
Le président élu en 1992 est Bill Clinton, ancien gouverneur de l'Arkansas VRAI
60%
En 1992, un candidat sans étiquette, Ross Perot, obtient près de 19 % des votes des Américains VRAI
60%
En 2000, le candidat démocrate, Al Gore, obtient plus de 500000 voix d'avance sur le candidat républicain mais pas assez de grands électeurs pour être élu VRAI
60%
En 2016, Donald Trump est élu sans avoir obtenu la majorité des voix des électeurs américains VRAI
60%
En 2024, Donald Trump obtient plus de 3 millions de voix de plus que sa rivale Kamala Harris VRAI
60%
Le candidat démocrate est Dan Quayle en 1988 FAUX
40%
Le président sortant ne se représente pas en 1992 FAUX
40%
Déjà trois fois dans l'histoire des Etats-Unis, un président a été élu avec moins de voix que son adversaire quand cela se produit en 2000. FAUX
40%
Le recensement de 2000, après lequel le nombre de grands électeurs a été recalculé pour les élections de 2004 est défavorable aux Républicains FAUX
40%
Lors des élections de 2012 l'état qui apporte le plus de grands électeurs est le Texas FAUX
40%
En 2020, le président sortant ne se représente pas FAUX
40%
Le PDG de Forbes, Steve Forbes, est candidat à la primaire républicaine en 1996 VRAI
40%
En 2000, les voix de l'état de Floride sont recomptées partiellement. VRAI
40%
Le candidat malheureux du Parti démocrate en 2004 est John Kerry VRAI
40%
Le président élu en 2008 est le premier président afro-américain des Etats-Unis VRAI
40%
En 2012, comme en 2008, le vice-président élu est Joe Biden VRAI
40%
Ralph Nader se présente aux élections de 1996 pour le Parti socialiste américain FAUX
20%
En 2016, Hillary Clinton est la candidat démocrate, son colistier est Gary Johnson FAUX
20%
En janvier 2021, les partisans du candidat battu prennent d'assaut la Maison blanche FAUX
20%
Lors des élections de 1988, 36 % de la population américaine vote. VRAI
20%
En 2016, le candidat du parti vert est une candidate, Jill Stein VRAI
20%
En 2020, le taux de participation des électeurs est le plus élevé depuis 1900 VRAI
20%
En 2008 aucun sortant, président ou vice-président n'est candidat et cela ne s'est pas produit depuis 1972 FAUX
0%
En 2012, Obama recueille 4 millions de voix de plus qu'en 2008 FAUX
0%
Le premier candidat démocrate abandonne la campagne en septembre 2024 FAUX
0%
En 2004, l'écart entre le président sortant et son concurrent est de 35 grands électeurs et n'est pas contesté VRAI
0%
Aucun quiz correspondant
Distribution des résultats
% des personnes avec chaque résultat
Percentile par nombre de réponses
Votre historique - résultats
Vous n’avez pas pris ce quiz